书目信息 |
| 题名: |
电影中的时代曲与救亡歌
|
|
| 作者: | 王思思 编著 | |
| 分册: | ||
| 出版信息: | 上海 上海大学出版社 2021.08 |
|
| 页数: | 193页 | |
| 开本: | 24cm | |
| 丛书名: | ||
| 单 册: | ||
| 中图分类: | J642.4 | |
| 科图分类: | ||
| 主题词: | 电影歌曲--dian ying ge qu--作品集--中国--现代 | |
| 电子资源: | ||
| ISBN: | 978-7-5671-3402-7 | |
| 000 | 00986nam0 2200253 450 | |
| 001 | CAL 004181717 | |
| 005 | 20230217093113.0 | |
| 010 | @a978-7-5671-3402-7@dCNY50.00 | |
| 100 | @a20211019d2021 em y0chiy0120 ea | |
| 101 | 0 | @achi |
| 102 | @aCN@b310000 | |
| 105 | @aag z 000yy | |
| 106 | @ar | |
| 200 | 1 | @a电影中的时代曲与救亡歌@Adian ying zhong de shi dai qu yu jiu wang ge@e左翼电影歌曲经典赏析@f王思思编著 |
| 210 | @a上海@c上海大学出版社@d2021.08 | |
| 215 | @a193页@c图@d24cm | |
| 314 | @a王思思, 博士, 上海大学音乐学院声乐系副教授。 | |
| 330 | @a本书由上海大学音乐学院副教授王思思著。内容包括: 电影《母性之光》插曲《开矿歌》 ; 电影《桃李劫》主题歌《毕业歌》 ; 电影《渔光曲》主题歌《渔光曲》等。 | |
| 517 | 1 | @a左翼电影歌曲经典赏析@Azuo yi dian ying ge qu jing dian shang xi |
| 606 | 0 | @a电影歌曲@Adian ying ge qu@x作品集@y中国@z现代 |
| 690 | @aJ642.4@v5 | |
| 701 | 0 | @a王思思@Awang si si@4编著 |
| 801 | 0 | @aCN@bBJXHZP@c20230222 |
| 905 | @b1378498-501@dJ642.4@e305@f4 | |
| 电影中的时代曲与救亡歌:左翼电影歌曲经典赏析/王思思编著.-上海:上海大学出版社,2021.08 |
| 193页:图;24cm |
| ISBN 978-7-5671-3402-7:CNY50.00 |
| 本书由上海大学音乐学院副教授王思思著。内容包括: 电影《母性之光》插曲《开矿歌》 ; 电影《桃李劫》主题歌《毕业歌》 ; 电影《渔光曲》主题歌《渔光曲》等。 |
| ● |
| 相关链接 |
|
|
|
|
正题名:电影中的时代曲与救亡歌
索取号:J642.4/305
 
预约/预借
| 序号 | 登录号 | 条形码 | 馆藏地/架位号 | 状态 | 备注 |
| 1 | 1378498 | 213784984 | 第一样本阅览室/ [索取号:J642.4/305] | 在馆 | |
| 2 | 1378499 | 213784993 | 第一借阅区/ [索取号:J642.4/305] | 在馆 | |
| 3 | 1378500 | 213785000 | 第一借阅区/ [索取号:J642.4/305] | 在馆 | |
| 4 | 1378501 | 213785019 | 第一借阅区/ [索取号:J642.4/305] | 在馆 |